000
00334 a2200145 4500
001
167738
020
_a
040
_c
Magnum
100
_a
Marcellino, Nelson C. (Org)
240
1
0
_a
Introducao as ciencias sociais
_l
por
245
1
0
_a
Introducao as ciencias sociais
362
0
_a
1899
697
_a
PROBLEMAS SOCIAIS
942
_c
BK
999
_c
167738
_d
167738